000 00290nam a22001217a 4500
008 230620b xxu||||| |||| 00| 0 eng d
082 _a320.96
_bKJ
245 _aThe Kenya Jurist
_bjune/August 1993
_cvol 3 No 2
260 _c1993
300 _a51p
440 _n2
_vvolume 3
942 _2ddc
_cBK
999 _c1699
_d1699